[Event "Dortmund op"]
[Site "Dortmund"]
[Date "2009.07.10"]
[Round "7"]
[White "Kaiser, Richard"]
[Black "Deinert, Wolfgang"]
[Result "1-0"]
[WhiteElo "2134"]
[BlackElo "1833"]
[PlyCount "61"]
[EventDate "2009.07.04"]
[EventType "swiss"]
[EventRounds "9"]
[EventCountry "GER"]
[SourceTitle "CBM 131 Extra"]
[Source "ChessBase"]
[SourceDate "2009.09.03"]
[SourceVersion "2"]
[SourceVersionDate "2009.09.16"]
[SourceQuality "1"]

1. Nf3 d5 2. g3 Nf6 3. Bg2 Nc6 4. c4 e6 5. 0-0 Be7 6. b3 0-0 7. Bb2 a5 8. a3 Rb8 9. Qc2 Bd7 10. d3 b5 11. cxd5 exd5 12. Rc1 Bd6 13. Nbd2 Re8 14. e3 Qe7 15. Ne1 Ne5 16. Ndf3 Nxf3+ 17. Bxf3 c6 18. Qd2 a4 19. b4 Qe6 20. Bd4 h5 21. Bxf6 Qxf6 22. Bxh5 Re5 23. Bf3 Rbe8 24. d4 Rg5 25. Bg2 Qh6 26. Nf3 Rh5 27. h4 Qg6 28. Rc3 Re4 29. Rac1 Rg4 30. Rxc6 Bxc6 31. Rxc6 1-0

[Event "Dortmund op"]
[Site "Dortmund"]
[Date "2009.07.09"]
[Round "6"]
[White "Deinert, Wolfgang"]
[Black "Juziak, Peter"]
[Result "1-0"]
[WhiteElo "1833"]
[BlackElo "2124"]
[PlyCount "65"]
[EventDate "2009.07.04"]
[EventType "swiss"]
[EventRounds "9"]
[EventCountry "GER"]
[SourceTitle "CBM 131 Extra"]
[Source "ChessBase"]
[SourceDate "2009.09.03"]
[SourceVersion "2"]
[SourceVersionDate "2009.09.16"]
[SourceQuality "1"]

1. e4 c5 2. Nf3 e6 3. d4 cxd4 4. Nxd4 a6 5. c4 d6 6. Be2 Nf6 7. Nc3 Qc7 8. 0-0 b6 9. Be3 Bb7 10. f3 Nbd7 11. Rc1 Be7 12. Qe1 0-0 13. Qg3 Kh8 14. Rfd1 Rfe8 15. Nd5 exd5 16. cxd5 Qb8 17. Nf5 Bf8 18. Rd2 Rc8 19. Rdc2 Rxc2 20. Rxc2 Ra7 21. a4 a5 22. Bb5 Ba8 23. Bf4 Ne5 24. Bxe5 dxe5 25. d6 Nxe4 26. Qxe5 f6 27. Qe6 Nxd6 28. Nxd6 Rc7 29. Nf7+ Rxf7 30. Qxf7 Bc5+ 31. Kf1 h6 32. Re2 Qxh2 33. Re8+ 1-0